00983nam a2200217 a 450000100100000000500170001000800410002704000250006808200210009310000330011424000750014724501470022225000110036926000560038030000210043650000270045770000310048470000410051595201920055699900170074800003476320200930073904.0111019s1971 sp 000 0 spa d aDO-SdBNPbspacBNPHU axxxbV768m, 19711 aVincent Peale, Norman96024410aInspiring messages for daily living y the healing of sorrowlespañol10aMensaje inspirados para la vida diaria y confortando en el dolor /cNorman Vincent Peale ; traductores Ángel Arnau y Amparo García Burgos. a2a ed. aBarcelona :aMéxico :bEdiciones Grijalbo,c1971. a259 p. ;c22 cm. aTraducido del inglés1 aArnau, Ángel,etr9115431 aGarcía Burgos, Amparo,etr.911078 001050718MOaGRbGRcCTd2011-10-19iLF1l0oxxx V768m, 1971p34763-10r2020-06-25w2020-06-25y1zPerteneció a la biblioteca personal de Juan Isidro Jimenes- GrullónZNo se presta c34254d34254